[Event "Gibraltar Open"]
[Site "Caleta ENG"]
[Date "2012.01.24"]
[Round "1.84"]
[White "Samu, Sorin-Mihai"]
[Black "Patola, Eero"]
[Result "1-0"]
[WhiteElo "2156"]
[BlackElo "1939"]
[WhiteFideId "1210165"]
[BlackFideId "504092"]
[EventDate "2012.01.24"]

1. e4 e6 2. d4 d5 3. Bd3 dxe4 4. Bxe4 Nf6 5. Bf3 c5 6. Ne2 Nc6 7. Be3 cxd4 8.
Nxd4 Nd5 9. Nxc6 bxc6 10. Bd4 Ba6 11. c3 Qd7 12. Be2 Bxe2 13. Qxe2 Rb8 14. O-O
Qb7 15. b3 a5 16. c4 Nf6 17. Nc3 Be7 18. Na4 O-O 19. Qe5 Qb4 20. Bc3 Qd6 21.
Qxd6 Bxd6 22. Bxa5 Ra8 23. Bb6 Rfb8 24. Rad1 Bb4 25. Bc7 Re8 26. Rd3 Ne4 27.
Rfd1 h6 28. Rd8 Kf8 29. Rxa8 Rxa8 30. Rd8+ Rxd8 31. Bxd8 Ke8 32. Bb6 Kd7 33. Be3
Nd6 34. Bc5 Ba5 35. f3 Bc7 36. Bxd6 Kxd6 37. Kf2 c5 38. Ke3 Kc6 39. g3 f5 40. a3
g5 41. b4 cxb4 42. axb4 f4+ 43. Kf2 h5 44. b5+ Kd7 45. Nc5+ Ke7 46. Ne4 g4 47.
c5 Be5 48. c6 Bd4+ 49. Kg2 e5 50. h3 gxf3+ 51. Kxf3 fxg3 52. Nxg3 Bb6 53. Ke4
Kd6 54. Nxh5 Bc7 55. Nf6 Bd8 56. Ne8+ 1-0

[Event "Gibraltar Open"]
[Site "Caleta ENG"]
[Date "2012.01.24"]
[Round "1.85"]
[White "Dimitrijevic, Dragan"]
[Black "Schmidt, Ralf"]
[Result "0-1"]
[WhiteElo "1937"]
[BlackElo "2156"]
[WhiteFideId "822310"]
[BlackFideId "4640950"]
[EventDate "2012.01.24"]

1. Nf3 g6 2. d4 Bg7 3. c4 d6 4. Nc3 Nd7 5. e4 e5 6. Be2 Ngf6 7. d5 O-O 8. Bg5 h6
9. Bh4 g5 10. Bg3 Nc5 11. Nd2 a5 12. O-O Ne8 13. a3 f5 14. f3 a4 15. Bf2 Bd7 16.
exf5 Rxf5 17. Bxc5 dxc5 18. Bd3 Rf4 19. Nde4 b6 20. Bc2 Nd6 21. g3 Rxe4 22. Bxe4
Nxc4 23. Qe2 Nd6 24. Bd3 Qe8 25. Rad1 Rd8 26. Rfe1 Kh8 27. Qc2 Qf7 28. Kg2 Rf8
29. Rf1 b5 30. Bg6 Qf6 31. Bd3 c4 32. Be4 Qd8 33. Qe2 Qc8 34. Rf2 Ne8 35. Qe3
Nf6 36. Qc5 Qb7 37. d6 c6 38. Bg6 Qc8 39. Kh1 g4 40. f4 exf4 41. Rxf4 Ng8 42.
Rdf1 Rxf4 43. Rxf4 Qd8 44. Bf5 Nf6 45. Bg6 Qc8 46. Rf2 Be6 47. Re2 Nd7 48. Qf2
Ne5 49. Be4 Nd3 50. Qe3 Ne5 51. Bg2 Bd7 52. Ne4 Qb8 53. Qf4 Nd3 54. Qf7 Qd8 55.
Qe7 Qxe7 56. dxe7 Be5 57. Nc5 Be8 58. Nxd3 cxd3 59. Rd2 Kg7 60. Be4 c5 61. Bxd3
Bd4 62. Kg2 Bc6+ 63. Kf1 Kf7 64. Re2 Bf6 65. Bf5 Bxe7 66. Bxg4 Bd5 67. Rd2 Bb3
68. Bh5+ Ke6 69. Bd1 Ba2 70. h4 Bf6 71. Bg4+ Ke5 72. Rf2 Bg7 73. Be2 c4 74. Rf7
c3 75. Rb7 c2 76. Rxb5+ Kd4 77. Rb4+ Ke3 0-1

[Event "Gibraltar Open"]
[Site "Caleta ENG"]
[Date "2012.01.24"]
[Round "1.87"]
[White "Kuehnast, Volker"]
[Black "Daurelle, Herve"]
[Result "0-1"]
[WhiteElo "1933"]
[BlackElo "2148"]
[WhiteFideId "24653756"]
[BlackFideId "602655"]
[EventDate "2012.01.24"]

1. e4 c5 2. Nf3 e6 3. d3 Nc6 4. g3 Nf6 5. Bg2 d5 6. Nbd2 Be7 7. O-O O-O 8. Re1
Qc7 9. c3 b6 10. h4 Ba6 11. Bf1 Rfd8 12. e5 Nd7 13. Qe2 b5 14. a4 b4 15. c4 dxc4
16. Nxc4 Nb6 17. Qe4 Nd4 18. a5 Bb7 19. axb6 axb6 20. Rxa8 Bxa8 21. Nxd4 Bxe4
22. Nxe6 fxe6 23. Rxe4 b5 24. Nd2 Rd4 25. Re1 c4 26. Nf3 Rd5 27. d4 b3 28. Bh3
Qc8 29. Bg5 Bf8 30. Bd2 h6 31. g4 Rd8 32. g5 b4 33. gxh6 gxh6 34. Kh2 c3 35.
Rg1+ Kh7 36. bxc3 bxc3 37. Bg5 c2 38. Bxd8 c1=Q 39. Rxc1 Qxc1 40. Bxe6 Qf4+ 0-1

[Event "Gibraltar Open"]
[Site "Caleta ENG"]
[Date "2012.01.24"]
[Round "1.88"]
[White "Allor, Chukwuka"]
[Black "Jablon, Stephen"]
[Result "1/2-1/2"]
[WhiteElo "2145"]
[BlackElo "1931"]
[WhiteFideId "8500908"]
[BlackFideId "2019833"]
[EventDate "2012.01.24"]

1. e4 e5 2. Nf3 Nf6 3. d4 Nxe4 4. Bd3 Nc6 5. Bxe4 d5 6. Nxe5 Nxe5 7. dxe5 dxe4
8. Qxd8+ Kxd8 9. Nc3 Bb4 10. Bg5+ Ke8 11. O-O-O Bg4 12. Rd4 Bxc3 13. bxc3 h6 14.
Rxe4 Bf5 15. Rh4 Kd7 16. Be3 Rhe8 17. Rd4+ Ke7 18. Rc4 c6 19. Bc5+ Ke6 20. g4
Kd5 21. Rf4 Bxg4 22. Rxg4 Kxc5 23. Rxg7 Rxe5 24. Rxf7 Rd8 25. h4 b5 26. Rd1
Rxd1+ 27. Kxd1 Kc4 28. Rf3 Re4 29. Rh3 h5 30. Kd2 Kc5 31. Rh2 Kd5 32. f3 Rf4 33.
Ke3 Ke5 34. Rg2 Rxh4 35. f4+ Rxf4 36. Rg5+ Rf5 37. Rg7 a5 38. Ra7 a4 39. c4 Kd6
40. cxb5 cxb5 41. c4 Kc5 42. cxb5 Kxb5 43. Rb7+ Kc4 44. Rb2 Re5+ 45. Kf4 Rb5 46.
Rh2 Kc3 47. Rh3+ Kb2 48. Rh2+ Ka3 49. Ke3 Rd5 50. Rh4 Ra5 51. Rh2 h4 52. Rxh4
Kxa2 53. Kd4 Kb3 54. Rh3+ Kb4 55. Rh1 Ra8 56. Rb1+ Ka3 57. Rb7 Rh8 58. Kc3 Rh2
59. Ra7 Rh3+ 60. Kc2 Rb3 61. Ra8 Rb4 62. Kc3 Rb7 63. Kc2 Rc7+ 64. Kb1 Rb7+ 65.
Kc2 Kb4 66. Kb2 Rb5 67. Rh8 Rg5 68. Rb8+ Kc5 69. Ka3 Rg4 70. Ra8 Kb5 71. Rb8+
Kc5 72. Rc8+ Kb6 73. Rb8+ 1/2-1/2

[Event "Gibraltar Open"]
[Site "Caleta ENG"]
[Date "2012.01.24"]
[Round "1.89"]
[White "Auvinen, Esa"]
[Black "Seyfried, Claus"]
[Result "0-1"]
[WhiteElo "1926"]
[BlackElo "2141"]
[WhiteFideId "501069"]
[BlackFideId "1271085"]
[EventDate "2012.01.24"]

1. e4 c5 2. Nf3 a6 3. d4 cxd4 4. Nxd4 Nf6 5. Nc3 e5 6. Nde2 Bc5 7. h3 Qb6 8. Be3
Bxe3 9. fxe3 Qxe3 10. Qd2 Qxd2+ 11. Kxd2 O-O 12. Rd1 b5 13. Ke3 Bb7 14. a3 Nc6
15. g4 h6 16. Bg2 Rfd8 17. Rd6 Rac8 18. Rhd1 Kf8 19. R6d2 Na5 20. b3 Rc7 21. Rd3
Rdc8 22. R1d2 Bc6 23. Bf3 Nb7 24. b4 d6 25. Rd1 Bd7 26. Rc1 Be6 27. Kd2 Bc4 28.
Re3 Nd7 29. Ng3 Nb6 30. Nf5 Be6 31. Be2 Rd7 32. Rd1 Rdc7 33. Rc1 f6 34. Bf1 d5
35. exd5 Nxd5 36. Nxd5 Bxd5 37. c3 Rd7 38. Rd3 Rcd8 39. Ke3 Be6 40. Rxd7 Rxd7
41. Ng3 Nd6 42. Ne4 Nxe4 43. Kxe4 Bb3 44. Ke3 g6 45. Bd3 Kf7 46. c4 bxc4 47.
Bxc4+ Bxc4 48. Rxc4 Ke6 49. Rc8 f5 50. Rh8 f4+ 51. Ke2 Kd5 52. Rxh6 Rd6 53. h4
Ke4 54. h5 f3+ 55. Kf2 Rd2+ 0-1

[Event "Gibraltar Open"]
[Site "Caleta ENG"]
[Date "2012.01.24"]
[Round "1.90"]
[White "Mastalerz, Xavier"]
[Black "Nwachukwu, Chino"]
[Result "1-0"]
[WhiteElo "2135"]
[BlackElo "1926"]
[WhiteFideId "208310"]
[BlackFideId "8500770"]
[EventDate "2012.01.24"]

1. d4 Nf6 2. Nf3 g6 3. c4 Bg7 4. Nc3 d5 5. Bg5 Ne4 6. Qc1 Nxg5 7. Qxg5 dxc4 8.
e4 Bxd4 9. Nxd4 Qxd4 10. Rd1 Qb6 11. Bxc4 Be6 12. Bxe6 Qxe6 13. Qb5+ Qc6 14. Qe5
f6 15. Qd4 Nd7 16. O-O e5 17. Qe3 O-O 18. Nd5 Kg7 19. Rc1 Qd6 20. Rxc7 b6 21.
Rfc1 Rf7 22. R7c6 Qf8 23. Nc7 Qg8 24. Nxa8 Qxa8 25. Rc7 g5 26. Qh3 Qe8 27. Rxa7
Nc5 28. Rxf7+ Qxf7 29. Qe3 Qxa2 30. b4 Ne6 31. Qxb6 Qb2 32. Qb7+ Kg6 33. Rf1 Nd4
34. h3 h5 35. Qb8 Qd2 36. Qg8+ Kh6 37. Qh8+ Kg6 38. Ra1 Ne2+ 39. Kh1 g4 40. Qg8+
Kh6 41. hxg4 hxg4 42. Qxg4 Qb2 43. Re1 Nf4 44. Qh4+ Kg6 45. Qg3+ Kh6 46. Qe3 Kg6
47. g3 Nh3 48. Kg2 Ng5 49. Qc5 Ne6 50. Qe7 Nd4 51. Qf8 Qd2 52. Qg8+ 1-0

[Event "Gibraltar Open"]
[Site "Caleta ENG"]
[Date "2012.01.24"]
[Round "1.91"]
[White "Bihi, Mehdi"]
[Black "Ranaivoharisoa, Alain"]
[Result "1/2-1/2"]
[WhiteElo "1919"]
[BlackElo "2135"]
[WhiteFideId "637076"]
[BlackFideId "13100025"]
[EventDate "2012.01.24"]

1. e4 c5 2. Nf3 Nc6 3. c3 d5 4. exd5 Qxd5 5. d4 cxd4 6. cxd4 e6 7. Be2 Nf6 8.
O-O Be7 9. Nc3 Qd8 10. Ne5 O-O 11. Nxc6 bxc6 12. Bf4 Nd5 13. Be5 Qa5 14. Rc1 f6
15. Bg3 Bd7 16. a3 Rac8 17. Re1 f5 18. Be5 Bg5 19. Rc2 Bf6 20. Bc4 Bxe5 21. Rxe5
Rb8 22. Qc1 Qd8 23. Na4 Qh4 24. Bxd5 cxd5 25. Nc5 Bc8 26. Qe3 f4 27. Qf3 Qf6 28.
b4 a5 29. Rb2 axb4 30. Rxb4 Rxb4 31. axb4 Qg6 32. Qd3 Qxd3 33. Nxd3 Ba6 34. Nc5
Bc4 35. Nxe6 Rb8 36. Rf5 Re8 37. Re5 Rb8 38. Rf5 Re8 39. Re5 Rb8 40. h4 Rxb4 41.
Rf5 Rb8 42. Rxf4 h6 1/2-1/2

[Event "Gibraltar Open"]
[Site "Caleta ENG"]
[Date "2012.01.24"]
[Round "1.92"]
[White "Kakulia, Shalva"]
[Black "Leimeister, Winfried"]
[Result "1-0"]
[WhiteElo "2133"]
[BlackElo "1918"]
[WhiteFideId "13602306"]
[BlackFideId "24653721"]
[EventDate "2012.01.24"]

1. e4 c5 2. c3 d5 3. exd5 Qxd5 4. d4 g6 5. Be3 cxd4 6. Bxd4 Nf6 7. Na3 Bg7 8.
Nb5 Na6 9. Bxa7 Bd7 10. Qxd5 Nxd5 11. Bd4 e5 12. Be3 Nxe3 13. fxe3 Ke7 14. Nf3
Rhc8 15. Be2 Nc5 16. O-O Na4 17. Ng5 f6 18. Ne4 Nxb2 19. Ned6 Rc6 20. Rfb1 Na4
21. c4 Rxd6 22. Nxd6 Kxd6 23. Rxb7 Nc5 24. Rd1+ Kc6 25. Rbxd7 Bf8 26. Rd8 Rxa2
27. Bf3+ e4 28. Rxf8 1-0

[Event "Gibraltar Open"]
[Site "Caleta ENG"]
[Date "2012.01.24"]
[Round "1.93"]
[White "Lundback, Karl"]
[Black "Boesch, Dirk"]
[Result "0-1"]
[WhiteElo "1907"]
[BlackElo "2131"]
[WhiteFideId "1716026"]
[BlackFideId "4670639"]
[EventDate "2012.01.24"]

1. e4 c5 2. Nf3 Nc6 3. d3 g6 4. g3 Bg7 5. Bg2 d6 6. O-O Nf6 7. Nbd2 e5 8. Re1
O-O 9. c3 Ne8 10. Nf1 Nc7 11. h4 h6 12. Be3 Ne6 13. N1h2 f5 14. exf5 gxf5 15.
Bc1 Bd7 16. Nd2 Rb8 17. a4 Ne7 18. Nc4 Bc6 19. Bxc6 bxc6 20. Qh5 Rf6 21. g4 Ng6
22. gxf5 Nef4 23. Bxf4 Nxf4 24. Qg4 h5 25. Qf3 Rxf5 26. Qg3 Rf6 27. Nf3 Rg6 28.
Ng5 Bh6 29. Qf3 Bxg5 30. hxg5 Qxg5+ 0-1

[Event "Gibraltar Open"]
[Site "Caleta ENG"]
[Date "2012.01.24"]
[Round "1.94"]
[White "Kandic, Milan"]
[Black "Puroila, Sippo"]
[Result "1/2-1/2"]
[WhiteElo "2131"]
[BlackElo "1906"]
[WhiteFideId "926752"]
[BlackFideId "504572"]
[EventDate "2012.01.24"]

1. e4 e5 2. Nf3 Nf6 3. Nxe5 d6 4. Nf3 Nxe4 5. Nc3 Nxc3 6. dxc3 Be7 7. Bf4 Nc6 8.
Bd3 Be6 9. Qd2 h6 10. h4 Qd7 11. O-O-O O-O-O 12. Kb1 Kb8 13. Bb5 a6 14. Ba4 b5
15. Bb3 Na5 16. Bxe6 fxe6 17. b3 Bf6 18. c4 Nb7 19. cxb5 Qxb5 20. Qd3 Qxd3 21.
cxd3 e5 22. Bc1 Rhf8 23. h5 Rde8 24. Rhe1 Nc5 25. Bb2 Nd7 26. Re2 Bd8 27. Nh2
Nf6 28. g4 Nd5 29. f3 Bh4 30. Rg1 c5 31. a3 Kc7 32. Kc2 Rb8 33. Bc1 Rf7 34. g5
hxg5 35. Bxg5 Bxg5 36. Rxg5 Nf4 37. Re4 Rh8 38. Kc3 Ne6 39. Rg6 Nf4 40. Rg5 Ne6
41. Rg6 1/2-1/2

[Event "Gibraltar Open"]
[Site "Caleta ENG"]
[Date "2012.01.24"]
[Round "1.51"]
[White "Marley, Andrew S G"]
[Black "Schiller, Eric"]
[Result "1-0"]
[BlackTitle "FM"]
[WhiteElo "1889"]
[BlackElo "2109"]
[WhiteFideId "416975"]
[BlackFideId "2002973"]
[EventDate "2012.01.24"]

1. d4 d5 2. Nf3 e6 3. c4 c5 4. cxd5 exd5 5. g3 Nc6 6. Bg2 Nf6 7. O-O Be7 8. Nc3
O-O 9. Bg5 cxd4 10. Nxd4 h6 11. Bf4 Qb6 12. Ncb5 Nxd4 13. Nxd4 Qxb2 14. Qd3 Bc5
15. Nb5 Bf5 16. Qxf5 Qxb5 17. Rac1 b6 18. Bxh6 Qd7 19. Qg5 Qg4 20. Rcd1 Qxg5 21.
Bxg5 Ne4 22. Rxd5 Nc3 23. Rd2 Rae8 24. Bc6 Rxe2 25. Rxe2 Nxe2+ 26. Kg2 Nd4 27.
Bd5 Re8 28. Be3 Re5 29. Bb7 Ne6 30. Bxc5 Nxc5 31. Bf3 Nd3 32. Bd1 Kf8 33. f4 Ra5
34. Bb3 Nb4 35. Rf2 Ra3 36. Rd2 a5 37. Rd7 Nxa2 38. Rxf7+ Kg8 39. Be6 Re3 40. f5
Nc3 41. Rb7+ Kh8 42. Bf7 g5 43. f6 Re2+ 44. Kf3 Rd2 45. Bg6 Rd8 46. Rh7+ 1-0

[Event "Gibraltar Open"]
[Site "Caleta ENG"]
[Date "2012.01.24"]
[Round "1.99"]
[White "Yurenok, Maria S"]
[Black "Andersen, Daniel"]
[Result "1/2-1/2"]
[WhiteTitle "WFM"]
[BlackTitle "FM"]
[WhiteElo "2109"]
[BlackElo "1884"]
[WhiteFideId "409359"]
[BlackFideId "1402714"]
[EventDate "2012.01.24"]

1. d4 e6 2. c4 f5 3. g3 Nf6 4. Bg2 c6 5. Nf3 d5 6. O-O Bd6 7. b3 Qe7 8. Bb2 O-O
9. Qc1 b6 10. Ne5 Bb7 11. Nd2 Rc8 12. Ndf3 c5 13. Qd1 Nbd7 14. Nxd7 Nxd7 15.
cxd5 Bxd5 16. Rc1 Be4 17. Ne5 Bxg2 18. Kxg2 Bxe5 19. dxe5 Rd8 20. Qc2 Nb8 21.
Rcd1 Nc6 22. e3 Nb4 23. Qb1 Qb7+ 24. f3 Qa6 25. Rf2 Qxa2 26. Qxa2 Nxa2 27. Rfd2
Rxd2+ 28. Rxd2 Nb4 29. Rd6 Kf7 30. Rd7+ Kf8 31. f4 a5 32. Kf3 a4 33. bxa4 Nd5
34. e4 fxe4+ 35. Kxe4 Rxa4+ 36. Kd3 Rb4 37. Kc2 Ra4 38. Rb7 c4 39. Bd4 Ra2+ 40.
Kb1 Ra3 41. Rxb6 Nxb6 42. Bc5+ Ke8 43. Bxa3 Kd7 44. g4 g6 45. Kc2 Kc6 46. f5
exf5 47. gxf5 gxf5 48. e6 Nd5 49. Kd2 Nc7 50. e7 Kd7 51. Ke3 Nd5+ 52. Kd4 Nxe7
53. Kxc4 Ke6 54. Kd4 Ng6 55. Ke3 Kf6 56. Bd6 Kg5 57. Kf3 f4 58. Kg2 Kf5 59. Kf3
Nh4+ 60. Kf2 Ke4 61. Bc7 Ng6 62. Bb6 Ne5 63. h3 Nf3 64. Kg2 Ng5 65. Ba7 Kd3 66.
h4 h6 1/2-1/2

[Event "Gibraltar Open"]
[Site "Caleta ENG"]
[Date "2012.01.24"]
[Round "1.100"]
[White "Zaky, Tamir"]
[Black "Dasaolu, Adeoye"]
[Result "0-1"]
[WhiteElo "1882"]
[BlackElo "2103"]
[WhiteFideId "651451"]
[BlackFideId "416061"]
[EventDate "2012.01.24"]

1. e4 d5 2. exd5 Qxd5 3. Nc3 Qa5 4. d4 c6 5. Bd2 Qb6 6. Nf3 Bg4 7. Na4 Qc7 8. h3
Bh5 9. Bd3 Nf6 10. Qe2 e6 11. O-O-O Nbd7 12. g4 Bg6 13. Bxg6 hxg6 14. Ne5 Nxe5
15. dxe5 Nd5 16. c4 Nb4 17. a3 Qxe5 18. Be3 Na6 19. Qd3 Qc7 20. Rd2 Be7 21. g5
Rd8 22. Qc3 O-O 23. c5 Rxd2 24. Bxd2 Rd8 25. h4 Qd7 26. h5 Qd5 27. Rg1 gxh5 28.
g6 Bf6 29. gxf7+ Kxf7 30. Qc2 Qd3 31. Qd1 Rd5 32. Rg3 Qc4+ 33. Nc3 Nxc5 34. Kb1
Bxc3 35. Rxc3 Qd4 36. Rf3+ Kg8 37. Ka2 Qxd2 0-1

[Event "Gibraltar Open"]
[Site "Caleta ENG"]
[Date "2012.01.24"]
[Round "1.101"]
[White "Mihajlov, Svetoslav"]
[Black "Bernula, Istvan"]
[Result "1-0"]
[WhiteElo "2101"]
[BlackElo "1880"]
[WhiteFideId "1507168"]
[BlackFideId "745499"]
[EventDate "2012.01.24"]

1. d4 Nf6 2. c4 e6 3. Nf3 d5 4. g3 b6 5. Ne5 Bb4+ 6. Nd2 O-O 7. Bg2 Bb7 8. O-O
Nbd7 9. Ndf3 a5 10. Qa4 Nxe5 11. Nxe5 Qe8 12. Qc2 Bd6 13. Nd3 c6 14. b3 b5 15.
cxb5 cxb5 16. Bf4 Rc8 17. Qd2 Bxf4 18. gxf4 b4 19. Nc5 Bc6 20. a3 Rb8 21. axb4
axb4 22. Na6 Rb6 23. Nxb4 Qb8 24. Na6 Qd6 25. Nc5 Rfb8 26. Rfb1 g6 27. e3 h5 28.
h3 Qd8 29. Ra3 Ra8 30. Rxa8 Qxa8 31. Qc3 Qb8 32. Nd3 Bb5 33. Ne5 Be8 34. b4 Rb7
35. Nd3 Bb5 36. Nc5 Ra7 37. Ra1 Ne8 38. Ra5 Nd6 39. Qa1 Nc8 40. Bf1 Bxf1 41.
Kxf1 Qb6 42. Qa4 Kg7 43. Ra6 Rxa6 44. Qxa6 Qxa6+ 45. Nxa6 Nb6 46. Ke2 Kf6 47.
Nc5 Ke7 48. Kd3 Kd6 49. b5 f6 50. Kc3 g5 51. fxg5 fxg5 52. Nd3 Nc4 53. e4 Nb6
54. e5+ Ke7 55. Nc5 g4 56. h4 1-0

[Event "Gibraltar Open"]
[Site "Caleta ENG"]
[Date "2012.01.24"]
[Round "1.104"]
[White "Gallach Perez, Yago"]
[Black "Freuler, Roman"]
[Result "0-1"]
[WhiteElo "1843"]
[BlackElo "2077"]
[WhiteFideId "2237598"]
[BlackFideId "1304283"]
[EventDate "2012.01.24"]

1. d4 Nf6 2. c4 c5 3. d5 b5 4. f3 d6 5. e4 g6 6. cxb5 a6 7. a4 Bg7 8. Na3 O-O 9.
Ne2 axb5 10. Nxb5 Na6 11. Nec3 Nc7 12. Bg5 Nfe8 13. Be2 Nxb5 14. Bxb5 Nc7 15.
Bc4 Ba6 16. Bxa6 Nxa6 17. O-O h6 18. Be3 Qa5 19. Qd2 Kh7 20. Rfd1 Qb4 21. Rdb1
Nc7 22. Nb5 Qxd2 23. Bxd2 Nxb5 24. axb5 Rxa1 25. Rxa1 Bxb2 26. Rb1 Bd4+ 27. Kf1
Rb8 28. Ba5 Rb7 29. Ke2 Kg7 30. Kd3 Kf8 31. b6 Ke8 32. Kc4 Kd7 33. Kb5 Rb8 34.
Bd2 h5 35. Ba5 Be5 36. h3 Bd4 37. g4 h4 38. Kc4 Kc8 39. Bd2 f6 40. Kb5 Kb7 41.
Rc1 Ra8 42. Ba5 Ra6 43. Rc4 Be3 44. Ra4 g5 45. Rc4 Bf2 46. Rc2 Bd4 47. Rc4 Be3
48. Rc2 c4 49. Rxc4 Bxb6 50. Ra4 Bxa5 51. Rxa5 Rb6+ 52. Kc4 Kc7 53. Ra7+ Kd8 54.
Ra8+ Kd7 55. Ra7+ Ke8 56. e5 fxe5 57. Kd3 Rb4 58. Ke3 Kf7 59. Rc7 Rd4 60. Ra7
Kf6 61. Ra5 Rd1 62. Kf2 Rd2+ 63. Kg1 Rc2 64. Ra3 Rd2 65. Ra5 e4 66. fxe4 Ke5 67.
Ra1 Kxe4 68. Re1+ Kf3 69. Rxe7 Rxd5 70. Re1 Rd3 71. Kh2 Rd2+ 72. Kh1 Kf4 73. Kg1
Rd3 74. Kh2 d5 75. Rf1+ Rf3 76. Rd1 Ke4 77. Re1+ Re3 78. Rd1 Re2+ 79. Kg1 d4 0-1

[Event "Gibraltar Open"]
[Site "Caleta ENG"]
[Date "2012.01.24"]
[Round "1.105"]
[White "Herman, Jean"]
[Black "Randlov, Carsten"]
[Result "1-0"]
[WhiteElo "2077"]
[BlackElo "1831"]
[WhiteFideId "263036"]
[BlackFideId "1437542"]
[EventDate "2012.01.24"]

1. d4 d5 2. c4 e6 3. Nf3 Nf6 4. Nc3 Be7 5. Bg5 h6 6. Bh4 O-O 7. e3 c6 8. Bd3
Nbd7 9. O-O a6 10. b3 Re8 11. Qe2 Ne4 12. Bxe7 Nxc3 13. Bxd8 Nxe2+ 14. Bxe2 Rxd8
15. Rfe1 Re8 16. Bf1 dxc4 17. bxc4 c5 18. Rab1 e5 19. dxe5 Nxe5 20. Nxe5 Rxe5
21. Red1 Kf8 22. Rd8+ Ke7 23. Rg8 Kf6 24. Be2 Re4 25. Kf1 b5 26. Bf3 Bb7 27.
Rxa8 Bxa8 28. Bxe4 Bxe4 29. Rd1 b4 30. f3 Bc2 31. Rd2 b3 32. axb3 Bxb3 33. Ke1
a5 34. Rd5 a4 35. Rxc5 a3 36. Ra5 a2 37. c5 Be6 38. Kd2 Ke7 39. Ra7+ Kd8 40. Kc3
Kc8 41. Kb2 Kb8 42. Rxa2 Bxa2 43. Kxa2 Kc7 44. Kb3 Kc6 45. Kc4 1-0

[Event "Gibraltar Open"]
[Site "Caleta ENG"]
[Date "2012.01.24"]
[Round "1.106"]
[White "Riiser, Samuel"]
[Black "Jameson, David"]
[Result "1/2-1/2"]
[WhiteElo "1827"]
[BlackElo "2077"]
[WhiteFideId "1509470"]
[BlackFideId "1801538"]
[EventDate "2012.01.24"]

1. d4 Nf6 2. c4 e6 3. Nc3 Bb4 4. e3 O-O 5. Bd3 d5 6. Nf3 c5 7. O-O cxd4 8. exd4
h6 9. Qe2 Nc6 10. Rd1 b6 11. Be3 Ba6 12. Ne5 Rc8 13. cxd5 Bxd3 14. Nxd3 Nxd5 15.
Nxd5 exd5 16. Qg4 Qf6 17. Rac1 Bd6 18. Rc3 Qe6 19. Qf3 Ne7 20. Bf4 Rxc3 21. bxc3
Rc8 22. Re1 Qf6 23. Bxd6 Qxd6 24. Nf4 Qf6 25. Nxd5 Nxd5 26. Qxd5 Rxc3 27. Qa8+
Kh7 28. Qxa7 Rc2 29. Rf1 Rd2 30. Qa4 Qxd4 31. Qxd4 Rxd4 32. Rb1 1/2-1/2

[Event "Gibraltar Open"]
[Site "Caleta ENG"]
[Date "2012.01.24"]
[Round "1.107"]
[White "De Seroux, Camille"]
[Black "Chidi, Lovinia Sylvia"]
[Result "1-0"]
[WhiteElo "2076"]
[BlackElo "1821"]
[WhiteFideId "1305620"]
[BlackFideId "1270574"]
[EventDate "2012.01.24"]

1. e4 c5 2. Nf3 d6 3. c3 e6 4. d4 Be7 5. Bd3 Nf6 6. O-O Nbd7 7. Re1 e5 8. a4 a6
9. a5 O-O 10. h3 cxd4 11. cxd4 exd4 12. Nxd4 Ne5 13. Bc2 Bd7 14. Nc3 Rc8 15. f4
Nc6 16. Nxc6 Bxc6 17. Be3 Re8 18. Qd3 g6 19. Bb6 Qd7 20. Rad1 Bf8 21. Qd4 Nh5
22. e5 Ng7 23. Ne4 Bxe4 24. Bxe4 Ne6 25. Qf2 d5 26. Bxd5 Qa4 27. b3 Qb4 28. Re4
Qa3 29. Ra4 Qe7 30. Kh1 Nd8 31. Rc4 Rxc4 32. Bxc4 Nc6 33. Qf3 Qb4 34. Qd5 Qe7
35. Bc5 Qe6 36. Qe4 Qf5 37. Qxf5 gxf5 38. Bb6 Bb4 39. Rd5 Kg7 40. Bd3 Re7 41.
Bxf5 f6 42. e6 h6 43. Kg1 Kf8 44. Kf2 Kg7 45. Kf3 Kf8 46. Ke4 Re8 47. Bg4 Ne7
48. Rd7 Nc6 49. Rxb7 Nxa5 50. Rf7+ Kg8 51. Rxf6 Nxb3 52. Rxh6 Nc5+ 53. Kd5 Nd3
54. Kc4 Nxf4 55. Bd4 Nd5 1-0

[Event "Gibraltar Open"]
[Site "Caleta ENG"]
[Date "2012.01.24"]
[Round "1.110"]
[White "Rough, Robert E"]
[Black "Compton, Alistair"]
[Result "0-1"]
[WhiteElo "1762"]
[BlackElo "2051"]
[WhiteFideId "2403030"]
[BlackFideId "4300645"]
[EventDate "2012.01.24"]

1. c4 e6 2. Nc3 d5 3. cxd5 exd5 4. d4 c5 5. Nf3 Nc6 6. e3 Nf6 7. Be2 Bd6 8. O-O
O-O 9. dxc5 Bxc5 10. Nd4 Re8 11. Bf3 Ne5 12. Be2 a6 13. a4 Bd6 14. Re1 Ne4 15.
Nxe4 dxe4 16. f4 exf3 17. Bxf3 Nxf3+ 18. gxf3 Qh4 19. Re2 Bh3 20. Qe1 Qf6 21.
Bd2 Re5 22. f4 Qg6+ 23. Qg3 Qxg3+ 24. hxg3 Re4 25. Rc1 Rae8 26. Kf2 h6 27. Ree1
Bd7 28. a5 Rc8 29. Rxc8+ Bxc8 30. Rc1 Bd7 31. b4 Re8 32. Kf3 f5 33. Be1 Kf7 34.
Bd2 g5 35. Rh1 g4+ 36. Kf2 Kg6 37. Rc1 h5 38. Kg2 Rh8 39. Be1 Re8 40. Bd2 Rd8
41. Kf2 Rh8 42. Kg2 h4 43. gxh4 Rxh4 44. Rh1 Rxh1 45. Kxh1 Bc6+ 46. Kg1 Be4 47.
b5 Kf7 48. b6 Ke7 49. Kf2 Ba3 50. Be1 Kd6 51. Ke2 Kd5 52. Nb3 Be7 53. Kd1 Kc4
54. Nd2+ Kd3 55. Nxe4 Kxe4 56. Ke2 Bc5 57. Bd2 g3 58. Be1 g2 59. Kf2 Bxe3+ 60.
Kxg2 Bxf4 61. Bb4 Kd3 0-1

[Event "Gibraltar Open"]
[Site "Caleta ENG"]
[Date "2012.01.24"]
[Round "1.111"]
[White "Peltomaki, Jarmo"]
[Black "Kuenitz, Klaus"]
[Result "1-0"]
[WhiteElo "2051"]
[BlackElo "1686"]
[WhiteFideId "507148"]
[BlackFideId "4640713"]
[EventDate "2012.01.24"]

1. d4 f5 2. Nf3 Nf6 3. Bf4 g6 4. h3 Bg7 5. e3 d6 6. Bc4 Nh5 7. Bh2 Nc6 8. Nc3
Na5 9. Be2 O-O 10. Qd2 Nf6 11. Bd3 b6 12. b4 Nc6 13. a3 Bb7 14. Bc4+ Kh8 15. Rd1
Qd7 16. d5 Nd8 17. O-O e6 18. dxe6 Nxe6 19. Bb5 Qe7 20. Be2 Ne4 21. Nxe4 Bxe4
22. Ne1 Qd7 23. Bf3 Ng5 24. Bxe4 Nxe4 25. Qd3 a5 26. Nf3 Qa4 27. Nd4 Rfe8 28. f3
Nf6 29. Nb5 Re7 30. Rb1 Rae8 31. Rfe1 axb4 32. Rxb4 Qa8 33. Rc4 Qb7 34. Bxd6
cxd6 35. Nxd6 Qb8 36. Nxe8 Rxe8 37. Rc6 Qg3 38. Rd1 Nh5 39. Qd7 Qe5 40. Rc8
Qxe3+ 41. Kh1 Nf6 42. Rxe8+ Nxe8 43. Qb5 Bf6 44. Qb4 Be7 45. Re1 Bxb4 46. Rxe3 1-0

[Event "Gibraltar Open"]
[Site "Caleta ENG"]
[Date "2012.01.24"]
[Round "1.112"]
[White "Whatley, Stephen A J"]
[Black "Thornton, John D"]
[Result "0-1"]
[WhiteElo "1648"]
[BlackElo "2050"]
[WhiteFideId "420441"]
[BlackFideId "1800663"]
[EventDate "2012.01.24"]

1. d4 f5 2. Nf3 Nf6 3. Bg5 e6 4. e3 Be7 5. Bd3 d5 6. Nbd2 Nbd7 7. c3 c5 8. Qc2
O-O 9. h3 Ne4 10. Bxe7 Qxe7 11. O-O b6 12. Be2 Bb7 13. Nxe4 fxe4 14. Nd2 Rac8
15. dxc5 bxc5 16. Nb3 c4 17. Nd4 e5 18. Nb5 a6 19. Na3 Nc5 20. Qd2 Nd3 21. Rab1
Rc6 22. Nc2 Rg6 23. Bxd3 Rxg2+ 24. Kxg2 Qg5+ 25. Kh1 Rf3 0-1